Statistics for Wednesday Whimsy #2

Click here to take the quiz!

General Stats

  • This quiz has been taken 57 times
  • The average score is 15 of 20

Answer Stats

Category Hint Answer % Correct
Zodiac SignLLeo
98%
CountryBLGRBulgaria
98%
Garden ToolRKRake
96%
ComposerCHPNChopin
96%
RiverDNBDanube
94%
VegetableSPRGSAsparagus
87%
MovieVRTGVertigo
87%
US PresidentBMObama
87%
US StateRGNOregon
87%
FruitPRCTApricot
83%
Disney characterBMBBambi
77%
Household ApplianceVNOven
77%
Female Pop SingerDLAdele
75%
Shoe BrandDDSAdidas
75%
Car BrandFTFiat
74%
SeaRBNArabian
70%
AnimalCTPSOctopus
64%
UK CityBRDNAberdeen
60%
Capital CityPApia
30%
MountainPNTBPinatubo
21%

Score Distribution

Percentile by Number Answered

Percent of People with Each Score

Your Score History

You have not taken this quiz